[Event "1. OEsterreichische Internet Schach Meisterschaft - Vorrunde 2"]
[Site "Online - Playchess.com"]
[Date ""]
[Round "4"]
[Board "43"]
[White "Kucharski, Michael"]
[Black "Weichhart, Daniel"]
[Result "1-0"]
[WhiteElo "1927"]
[BlackElo "1648"]
[PlyCount "109"]
[EventDate "2020.04.13"]
[EventRounds "9"]
[EventCountry "AUT"]

1. d4 d5 2. Nf3 Nf6 3. e3 e6 4. Bd3 Be7 5. O-O O-O 6. Nbd2 b6 7. b3 Bb7 8. Bb2 Nbd7
9. Rc1 Rc8 10. c4 dxc4 11. Nxc4 c5 12. Nce5 Nxe5 13. dxe5 Nd5 14. Qe2 Nb4 15. Bb1
Qc7 16. a3 Nc6 17. Rfd1 Rcd8 18. Qc2 g6 19. Qe2 Rxd1+ 20. Rxd1 Rd8 21. Rxd8+ Nxd8
22. Kf1 Bxf3 23. Qxf3 Nc6 24. Qe4 Bf8 25. Ke2 Bg7 26. f4 Qd7 27. Qd3 Qxd3+ 28. Kxd3
Kf8 29. Kc4 a6 30. b4 cxb4 31. axb4 Ke7 32. Bc3 g5 33. g3 h5 34. b5 axb5+ 35. Kxb5
gxf4 36. exf4 Nb8 37. Kxb6 Nd7+ 38. Kb5 Nf8 39. Bb4+ Ke8 40. Bd6 Ng6 41. Be4 Ne7
42. h3 Nf5 43. g4 Nxd6+ 44. exd6 hxg4 45. hxg4 Bf8 46. Kc5 Kd7 47. Bc6+ Kd8 48. f5
exf5 49. gxf5 Bg7 50. Kd5 Bf6 51. Kc5 Bg7 52. Bd5 Ke8 53. Kc6 f6 54. Kc7 Bf8 55.
d7+  1-0

[Event "1. OEsterreichische Internet Schach Meisterschaft - Vorrunde 2"]
[Site "Online - Playchess.com"]
[Date ""]
[Round "4"]
[Board "44"]
[White "Holzleithner, Johannes"]
[Black "Gartmayer, Stefan"]
[Result "1-0"]
[WhiteElo "1979"]
[BlackElo "1914"]
[PlyCount "135"]
[EventDate "2020.04.13"]
[EventRounds "9"]
[EventCountry "AUT"]

1. e4 c5 2. Be2 e6 3. d3 d5 4. f4 Nc6 5. Nf3 Nf6 6. Nbd2 g6 7. O-O Bg7 8. c3 d4 9.
e5 Nd5 10. c4 Ne3 11. Qe1 Nxf1 12. Qxf1 O-O 13. Ne4 b6 14. Nfd2 Ne7 15. Nd6 Nf5 16.
N2e4 Rb8 17. g4 Nxd6 18. Nxd6 Bb7 19. Bf3 Bxf3 20. Qxf3 f6 21. Qc6 fxe5 22. fxe5
Bxe5 23. Ne4 Qe7 24. Bg5 Qf7 25. Bh6 Bg7 26. Bxg7 Kxg7 27. Ng5 Qf2+ 28. Kh1 Kh6 29.
Nxe6 Qf3+ 30. Qxf3 Rxf3 31. Kg2 Rxd3 32. g5+ Kh5 33. Nf4+ Kxg5 34. Nxd3 Re8 35. Rf1
Re3 36. Nf4 d3 37. Nh3+ Kg4 38. Nf2+ Kg5 39. Rd1 Re2 40. b3 Rxa2 41. Rxd3 Rb2 42.
Kg3 h5 43. Ne4+ Kf5 44. Nd6+ Kf6 45. Nc8 h4+ 46. Kh3 g5 47. Nxa7 Kf5 48. Rf3+ Ke4
49. Rf6 Rxb3+ 50. Kg4 h3 51. Kxg5 Rb2 52. Re6+ Kd4 53. Kg4 Rxh2 54. Nc6+ Kxc4 55.
Ne5+ Kb3 56. Rxb6+ Kc3 57. Rc6 Kd4 58. Nf3+ Kd5 59. Rc8 Rg2+ 60. Kxh3 Ra2 61. Kg3
Ra3 62. Kf4 c4 63. Nd2 c3 64. Nb1 Rb3 65. Nxc3+ Kd4 66. Ne4 Rb1 67. Rd8+ Kc4 68.
Nd2+  1-0

[Event "1. OEsterreichische Internet Schach Meisterschaft - Vorrunde 2"]
[Site "Online - Playchess.com"]
[Date ""]
[Round "4"]
[Board "46"]
[White "Hofmann, Thomas"]
[Black "Flir, Emilio"]
[Result "1/2-1/2"]
[WhiteElo "2215"]
[BlackElo "1843"]
[PlyCount "174"]
[EventDate "2020.04.13"]
[EventRounds "9"]
[EventCountry "AUT"]

1. d4 d5 2. c4 c6 3. Nc3 Nf6 4. cxd5 cxd5 5. f3 Nc6 6. e4 dxe4 7. d5 Ne5 8. fxe4
e6 9. Nf3 Nxf3+ 10. Qxf3 exd5 11. Bb5+ Bd7 12. e5 Bxb5 13. exf6 Bc6 14. O-O Qxf6
15. Re1+ Be7 16. Qxf6 gxf6 17. Bf4 Kd7 18. Rad1 Rhe8 19. Nxd5 Bc5+ 20. Be3 Bxe3+
21. Nxe3+ Kc7 22. Kf2 b6 23. Ng4 Re6 24. Ne3 Rae8 25. Rd4 Re4 26. Rxe4 Rxe4 27. Rd1
Rf4+ 28. Ke2 Re4 29. Rf1 Re6 30. Rf4 Bxg2 31. Kf2 Bc6 32. Rh4 Re4 33. Rxh7 Rf4+ 34.
Ke2 Rb4 35. b3 Re4 36. Rxf7+ Kb8 37. Rxf6 Rh4 38. Rf2 Re4 39. Kd2 Rd4+ 40. Kc3 Re4
41. Nc4 Rh4 42. a4 Rh3+ 43. Kb2 Bd5 44. Nd2 Kc7 45. Kc2 Kc6 46. b4 Ra3 47. Rf6+ Kc7
48. Rf5 Be6 49. Re5 Kd6 50. Re4 Ra2+ 51. Kc3 Ra3+ 52. Kd4 Rxa4 53. Ke3 Ra3+ 54. Kf4
Rh3 55. Nf3 Rh6 56. h4 Rf6+ 57. Ke3 Bd5 58. Rf4 Re6+ 59. Kd4 Bxf3 60. Rxf3 Rh6 61.
Rf4 a5 62. Kc4 axb4 63. Kxb4 Ke5 64. Rc4 Kf5 65. Kb5 Ke5 66. Rb4 Kd5 67. Ka6 Kc5
68. Rb5+ Kd4 69. h5 Kc4 70. Rg5 b5+ 71. Ka5 b4 72. Rb5 Kc3 73. Rc5+ Kb3 74. Rg5 Kc4
75. Ka4 Ra6+ 76. Ra5 Rxa5+ 77. Kxa5 b3 78. h6 b2 79. h7 b1=Q 80. h8=Q Qa2+ 81. Kb6
Qb3+ 82. Kc7 Qg3+ 83. Kd7 Qg4+ 84. Ke7 Qe4+ 85. Kf7 Qd5+ 86. Kg6 Qd3+ 87. Kf7 Qd5+
 1/2-1/2

[Event "1. OEsterreichische Internet Schach Meisterschaft - Vorrunde 2"]
[Site "Online - Playchess.com"]
[Date ""]
[Round "4"]
[Board "47"]
[White "Schein, Karl-Heinz"]
[Black "Redhammer, Markus"]
[Result "1-0"]
[WhiteElo "2187"]
[BlackElo "1899"]
[PlyCount "71"]
[EventDate "2020.04.13"]
[EventRounds "9"]
[EventCountry "AUT"]

1. e4 d6 2. d4 g6 3. Nf3 Bg7 4. c3 Nf6 5. Nbd2 O-O 6. Bc4 Nc6 7. O-O e5 8. Bb3 Bg4
9. Re1 exd4 10. h3 Bxf3 11. Nxf3 dxc3 12. bxc3 Nd7 13. Bg5 Qc8 14. Rc1 Nde5 15. Nd4
h6 16. Bh4 Kh7 17. f4 Nd7 18. f5 Bf6 19. Bxf6 Nxf6 20. Qf3 Ne5 21. Qe2 a5 22. fxg6+
fxg6 23. Rf1 a4 24. Bc2 Qd7 25. Rf2 Nh5 26. Rcf1 Rxf2 27. Qxf2 c5 28. Ne2 Ng7 29.
Nf4 Rf8 30. Qg3 Rf7 31. Nd5 Rxf1+ 32. Kxf1 Qb5+ 33. Kg1 Qb2 34. Bxa4 Qb1+ 35. Kh2
Qxe4 36. Nf6+  1-0

[Event "1. OEsterreichische Internet Schach Meisterschaft - Vorrunde 2"]
[Site "Online - Playchess.com"]
[Date ""]
[Round "4"]
[Board "48"]
[White "Hatzl, Johannes"]
[Black "Keim, Philipp"]
[Result "0-1"]
[WhiteElo "2131"]
[BlackElo "1919"]
[PlyCount "40"]
[EventDate "2020.04.13"]
[EventRounds "9"]
[EventCountry "AUT"]

1. d4 c6 2. e4 d5 3. Nc3 dxe4 4. Nxe4 Bf5 5. Ng3 Bg6 6. h4 h6 7. Nh3 Nd7 8. Nf4 Bh7
9. Bc4 e6 10. Qe2 Ngf6 11. O-O Bd6 12. Ngh5 O-O 13. g3 Bxf4 14. Nxf4 Re8 15. c3 e5
16. Ng2 exd4 17. Qd1 Ne5 18. Qb3 Qd7 19. Bf4 Nf3+ 20. Kh1 Qh3#  0-1

[Event "1. OEsterreichische Internet Schach Meisterschaft - Vorrunde 2"]
[Site "Online - Playchess.com"]
[Date ""]
[Round "4"]
[Board "49"]
[White "Schloffer, Jasmin-Denise"]
[Black "Stolzlechner, Thomas"]
[Result "1-0"]
[WhiteElo "2110"]
[BlackElo "2037"]
[PlyCount "53"]
[EventDate "2020.04.13"]
[EventRounds "9"]
[EventCountry "AUT"]

1. d4 d5 2. c4 c6 3. cxd5 cxd5 4. Nc3 Nf6 5. Bf4 a6 6. Nf3 Nc6 7. Rc1 e6 8. e3 Bd7
9. Bd3 Be7 10. O-O Rc8 11. h3 O-O 12. Ne5 h6 13. Bb1 Re8 14. a3 b5 15. b4 Bf8 16.
Qd3 Ne7 17. h4 Nf5 18. Nxd7 Qxd7 19. Be5 Be7 20. g3 Rc6 21. Ne2 Rec8 22. Rxc6 Rxc6
23. Nf4 g6 24. Bxf6 Bxf6 25. h5 g5 26. Ne2 Qd6 27. g4  1-0

[Event "1. OEsterreichische Internet Schach Meisterschaft - Vorrunde 2"]
[Site "Online - Playchess.com"]
[Date ""]
[Round "4"]
[Board "50"]
[White "Haemmerle, Dietmar"]
[Black "Mira, Helene"]
[Result "0-1"]
[WhiteElo "1762"]
[BlackElo "2082"]
[PlyCount "68"]
[EventDate "2020.04.13"]
[EventRounds "9"]
[EventCountry "AUT"]

1. Nf3 d6 2. c4 e5 3. Nc3 f5 4. e4 Be7 5. Be2 Nf6 6. d3 c6 7. O-O O-O 8. h3 f4 9.
a3 c5 10. b4 b6 11. Bd2 Nc6 12. b5 Nd4 13. Nxd4 cxd4 14. Nd5 Nd7 15. a4 Bb7 16. Bg4
Nc5 17. Nxe7+ Qxe7 18. Bb4 g6 19. a5 h5 20. Bf3 Kg7 21. g3 fxg3 22. fxg3 Qg5 23.
Kh2 h4 24. g4 Qf4+ 25. Kh1 Qe3 26. Bg2 Rxf1+ 27. Qxf1 Rf8 28. Qg1 Nxd3 29. Be1 Bxe4
30. Bxh4 Bxg2+ 31. Kxg2 Nf4+ 32. Kh1 Qxh3+ 33. Qh2 Qxg4 34. Rg1 Qf3+  0-1

[Event "1. OEsterreichische Internet Schach Meisterschaft - Vorrunde 2"]
[Site "Online - Playchess.com"]
[Date ""]
[Round "4"]
[Board "51"]
[White "Dreher, David"]
[Black "Pernerstorfer, Max"]
[Result "1-0"]
[WhiteElo "1888"]
[BlackElo "2066"]
[PlyCount "193"]
[EventDate "2020.04.13"]
[EventRounds "9"]
[EventCountry "AUT"]

1. d4 Nf6 2. Bf4 g6 3. Nc3 d5 4. e3 Bg7 5. Nb5 Na6 6. Nf3 O-O 7. Bd3 c6 8. Nc3 c5
9. Bxa6 bxa6 10. dxc5 Qa5 11. O-O Qxc5 12. Be5 Bb7 13. Ne2 Rfc8 14. c3 a5 15. Re1
Bc6 16. Ned4 a4 17. Nxc6 Qxc6 18. Nd4 Qd7 19. Rb1 a3 20. Qb3 axb2 21. Rxb2 Ne4 22.
Bxg7 Kxg7 23. c4 dxc4 24. Qc2 Qd5 25. Rb5 Rc5 26. Reb1 Nd6 27. Rxc5 Qxc5 28. Rc1
Rc8 29. h3 e5 30. Nf3 Rb8 31. Qc3 f6 32. Nxe5 Qxe5 33. Qd2 Re8 34. Rd1 Ne4 35. Qd7+
Re7 36. Qg4 c3 37. Rc1 h5 38. Qd1 Rc7 39. Qd8 Qe7 40. Qd4 Qc5 41. Qxe4 c2 42. Qd3
g5 43. Kf1 a5 44. Ke2 a4 45. Kd2 Qb4+ 46. Ke2 Qb2 47. Kd2 Qxa2 48. Rxc2 Rxc2+ 49.
Qxc2 Qd5+ 50. Ke2 Qxg2 51. Qxa4 Qxh3 52. Qa7+ Kh6 53. Qf7 Qg4+ 54. Ke1 Qb4+ 55. Kf1
Qd6 56. Kg2 h4 57. Qg8 Qe7 58. Qh8+ Kg6 59. Qg8+ Qg7 60. Qe8+ Kh6 61. f3 Qb7 62.
Qh8+ Kg6 63. Qg8+ Qg7 64. Qe8+ Kh6 65. e4 Qb7 66. Qh8+ Kg6 67. Qg8+ Qg7 68. Qe6 Qc7
69. Qg8+ Qg7 70. Qe6 Qf7 71. Qf5+ Kg7 72. Kh3 Qe7 73. Kg2 Qe5 74. Qg4 Qb2+ 75. Kh3
Qf2 76. Qd7+ Kh6 77. Qg4 Qf1+ 78. Kh2 Qe2+ 79. Kh3 Qf2 80. e5 Qf1+ 81. Kh2 Qe2+ 82.
Kh3 Qxe5 83. Kg2 f5 84. Qc4 Qb2+ 85. Kh3 Qf6 86. Qg8 Qg7 87. Qe6+ Kh5 88. Qxf5 Qg6
89. Qg4+ Kh6 90. Qc8 Qf7 91. Qh8+ Kg6 92. Qc8 Kf6 93. Qc6+ Kg7 94. Qc3+ Kh6 95. Qc6+
Kh5 96. Qe4 Qf4 97. Qh7#  1-0

[Event "1. OEsterreichische Internet Schach Meisterschaft - Vorrunde 2"]
[Site "Online - Playchess.com"]
[Date ""]
[Round "4"]
[Board "52"]
[White "Rotter, Harald"]
[Black "Schwabeneder, Alois"]
[Result "0-1"]
[WhiteElo "1854"]
[BlackElo "2004"]
[PlyCount "48"]
[EventDate "2020.04.13"]
[EventRounds "9"]
[EventCountry "AUT"]

1. e4 d5 2. exd5 Qxd5 3. Nc3 Qa5 4. g3 Nf6 5. Bg2 c5 6. Nge2 a6 7. d3 Qc7 8. O-O
Nc6 9. Re1 e6 10. Bg5 Be7 11. Qd2 O-O 12. a3 Rb8 13. d4 cxd4 14. Nxd4 Rd8 15. Bxc6
bxc6 16. Qe3 Rxb2 17. Na4 Rb8 18. Rad1 Nd5 19. Qd2 Bxg5 20. Qxg5 c5 21. Nc6 f6 22.
Rxd5 exd5 23. Ne7+ Qxe7 24. Rxe7 fxg5  0-1

[Event "1. OEsterreichische Internet Schach Meisterschaft - Vorrunde 2"]
[Site "Online - Playchess.com"]
[Date ""]
[Round "4"]
[Board "53"]
[White "Wimmer, Kevin"]
[Black "Griessnig, Thomas"]
[Result "1-0"]
[WhiteElo "1944"]
[BlackElo "1895"]
[PlyCount "59"]
[EventDate "2020.04.13"]
[EventRounds "9"]
[EventCountry "AUT"]

1. e4 e6 2. d4 d5 3. Nd2 Nf6 4. e5 Nfd7 5. Bd3 c5 6. c3 Nc6 7. Ne2 Qb6 8. Nf3 Be7
9. O-O O-O 10. Bd2 cxd4 11. cxd4 f6 12. exf6 Nxf6 13. Re1 Bd7 14. Nc3 Nxd4 15. Ne5
Bd6 16. Nxd7 Nxd7 17. Be3 Bc5 18. Na4 Qb4 19. Nxc5 Nxc5 20. Bxd4 Nxd3 21. Qxd3 Rae8
22. Re5 Rf4 23. Bc3 Qf8 24. f3 Rd8 25. Rae1 d4 26. Bd2 Rg4 27. fxg4 Rc8 28. Qxd4
Rc2 29. Bc3 b5 30. Rxe6  1-0

[Event "1. OEsterreichische Internet Schach Meisterschaft - Vorrunde 2"]
[Site "Online - Playchess.com"]
[Date ""]
[Round "4"]
[Board "54"]
[White "Bachler, Reinhard"]
[Black "Riegler, Moritz"]
[Result "0-1"]
[WhiteElo "2143"]
[BlackElo "1705"]
[PlyCount "66"]
[EventDate "2020.04.13"]
[EventRounds "9"]
[EventCountry "AUT"]

1. f4 d5 2. Nf3 c5 3. e3 Bg4 4. h3 Bf5 5. g4 Bd7 6. Bg2 e6 7. b3 Nf6 8. Bb2 Ne4 9.
d3 Ng3 10. Rg1 h5 11. gxh5 Nxh5 12. Nbd2 Nc6 13. Qe2 a6 14. O-O-O b5 15. Ng5 Be7
16. h4 a5 17. Bf3 Nf6 18. h5 a4 19. Nh3 axb3 20. axb3 d4 21. Rxg7 Ra7 22. Ng5 Rf8
23. h6 Nb4 24. Bh5 Qa5 25. Rg1 Nxh5 26. Qxh5 Na2+ 27. Kd1 Nc3+ 28. Ke1 Bxg5 29. Qxg5
dxe3 30. Bxc3 Qxc3 31. Rg2 Ra1+ 32. Ke2 Qxd2+ 33. Kf3 Bc6+  0-1

[Event "1. OEsterreichische Internet Schach Meisterschaft - Vorrunde 2"]
[Site "Online - Playchess.com"]
[Date ""]
[Round "4"]
[Board "55"]
[White "Iro, Christian"]
[Black "Ticar, Clemens"]
[Result "1-0"]
[WhiteElo "2081"]
[BlackElo "1753"]
[PlyCount "86"]
[EventDate "2020.04.13"]
[EventRounds "9"]
[EventCountry "AUT"]

1. e4 d6 2. d4 Nf6 3. Nc3 e5 4. dxe5 dxe5 5. Qxd8+ Kxd8 6. Bc4 Be6 7. Bxe6 fxe6 8.
Nf3 Bd6 9. Be3 Nc6 10. O-O-O Ke7 11. h3 h6 12. Nd2 a6 13. f3 Nd7 14. Nc4 Bb4 15.
Ne2 b5 16. Nd2 Na5 17. c3 Bd6 18. b3 c5 19. Nf1 Nc6 20. Nfg3 g5 21. Rd2 Rhc8 22.
Rhd1 Nd4 23. cxd4 cxd4+ 24. Kb2 Bb4 25. Rd3 Nc5 26. Bc1 Nxd3+ 27. Rxd3 Rc6 28. a3
Ba5 29. Bd2 Bxd2 30. Rxd2 Rac8 31. Kb1 a5 32. Nh1 Kf6 33. Nf2 h5 34. Nd3 Rg8 35.
Ng3 g4 36. Nxh5+ Kg5 37. hxg4 Rgc8 38. Nxe5 Rc1+ 39. Kb2 Rg1 40. f4+ Kh4 41. Nf6
Rcc1 42. Nf3+ Kg3 43. Nxg1 Kxf4  1-0

[Event "1. OEsterreichische Internet Schach Meisterschaft - Vorrunde 2"]
[Site "Online - Playchess.com"]
[Date ""]
[Round "4"]
[Board "56"]
[White "Kwech, Gregor"]
[Black "Schumi, Manfred"]
[Result "0-1"]
[WhiteElo "1064"]
[BlackElo "2202"]
[PlyCount "112"]
[EventDate "2020.04.13"]
[EventRounds "9"]
[EventCountry "AUT"]

1. c4 g6 2. Nc3 Bg7 3. e3 d6 4. d4 Nf6 5. Bd3 O-O 6. Nge2 c5 7. O-O Nc6 8. a3 cxd4
9. exd4 d5 10. Be3 dxc4 11. Bxc4 Ng4 12. h3 Nxe3 13. fxe3 Bh6 14. Qd3 Bd7 15. Rad1
Rc8 16. Bb5 a6 17. Bxc6 Bxc6 18. Rc1 Qd6 19. Ne4 Bxe4 20. Qxe4 e6 21. Qxb7 Bxe3+
22. Kh1 Bxc1 23. Rxc1 Rxc1+ 24. Nxc1 Qxd4 25. Ne2 Qd1+ 26. Kh2 Qd6+ 27. Ng3 h5 28.
h4 Rd8 29. Kh3 Qf4 30. Qe4 Qxe4 31. Nxe4 Rd4 32. Nc3 Kf8 33. g3 Ke7 34. Kg2 Rd2+
35. Kf3 Rxb2 36. Ne4 Rb3+ 37. Kf4 Rxa3 38. Nc5 Ra2 39. g4 hxg4 40. Kxg4 a5 41. Kf4
a4 42. Ke3 a3 43. Nb3 Rb2 44. Na1 a2 45. Ke4 Rb1 46. Nc2 a1=Q 47. Nxa1 Rxa1 48. Kf4
Ra4+ 49. Kg3 Kf6 50. Kh3 Kf5 51. Kg3 Ra3+ 52. Kh2 Kf4 53. Kg2 Ra2+ 54. Kh3 e5 55.
h5 gxh5 56. Kh4 Rh2#  0-1

[Event "1. OEsterreichische Internet Schach Meisterschaft - Vorrunde 2"]
[Site "Online - Playchess.com"]
[Date ""]
[Round "4"]
[Board "57"]
[White "Horvath, Maria"]
[Black "Novkovic, Julia"]
[Result "0-1"]
[WhiteElo "1995"]
[BlackElo "2170"]
[PlyCount "128"]
[EventDate "2020.04.13"]
[EventRounds "9"]
[EventCountry "AUT"]

1. d4 g6 2. c4 Bg7 3. Nc3 d6 4. Nf3 Nc6 5. Bg5 h6 6. Bh4 Bg4 7. e3 Nf6 8. h3 Bd7
9. Be2 a5 10. a3 O-O 11. Nd2 e5 12. O-O exd4 13. exd4 Nxd4 14. Bd3 Bf5 15. Nde4 g5
16. Bg3 Nxe4 17. Nxe4 Qd7 18. Re1 Bg6 19. f4 Nf5 20. Bh2 Bd4+ 21. Kh1 Ne3 22. Qe2
g4 23. hxg4 Nxg4 24. Bg3 Bg7 25. Rad1 Rae8 26. Qf3 f5 27. Nc3 c6 28. Ne2 Re3 29.
Qf1 Rfe8 30. Bf2 Qe7 31. Kg1 Nxf2 32. Qxf2 Bxb2 33. a4 Bc3 34. Nxc3 Rxe1+ 35. Rxe1
Qxe1+ 36. Qxe1 Rxe1+ 37. Kf2 Rc1 38. Ne2 Ra1 39. Bc2 Ra2 40. Bb3 Rb2 41. Bd1 Bf7
42. c5 dxc5 43. Ke3 Bd5 44. g3 Bb3 45. Nc3 Bxd1 46. Nxd1 Ra2 47. Nc3 Ra3 48. Kd2
Kf7 49. Kc2 Ke6 50. Kb2 Rxc3 51. Kxc3 Kd5 52. Kd3 c4+ 53. Kc3 b5 54. axb5 cxb5 55.
Kc2 Kd4 56. Kd2 b4 57. Kc2 b3+ 58. Kb2 a4 59. Ka3 c3 60. Kxa4 c2 61. Kxb3 c1=Q 62.
Kb4 Qb2+ 63. Ka5 Kc5 64. Ka6 Qb6#  0-1

[Event "1. OEsterreichische Internet Schach Meisterschaft - Vorrunde 2"]
[Site "Online - Playchess.com"]
[Date ""]
[Round "4"]
[Board "59"]
[White "Kranz, Armin"]
[Black "Guba, Viktor"]
[Result "0-1"]
[WhiteElo "2119"]
[BlackElo "1401"]
[PlyCount "110"]
[EventDate "2020.04.13"]
[EventRounds "9"]
[EventCountry "AUT"]

1. d4 Nf6 2. Nf3 g6 3. c4 Bg7 4. g3 O-O 5. Bg2 d6 6. b3 Nbd7 7. Bb2 Qe8 8. Nc3 e5
9. dxe5 Nxe5 10. O-O Rb8 11. Qd2 Nxf3+ 12. Bxf3 Qe7 13. Rfd1 Re8 14. Rac1 Bg4 15.
Nd5 Nxd5 16. Bxg4 Nf6 17. Bf3 Ne4 18. Qc2 Bxb2 19. Qxb2 Ng5 20. Bd5 c6 21. Bf3 Nxf3+
22. exf3 Qc7 23. Kg2 Re6 24. Rd2 Rbe8 25. Rcd1 Qb6 26. Qd4 Qxd4 27. Rxd4 Re2 28.
R4d2 Kf8 29. f4 R8e6 30. Kf3 Rxd2 31. Rxd2 Ke7 32. Kg4 h6 33. f5 Re4+ 34. f4 h5+
35. Kg5 gxf5 36. Kxh5 Ke6 37. Kh4 d5 38. cxd5+ cxd5 39. Kh3 d4 40. Kg2 Kd5 41. Kf2
Re3 42. h4 Ke4 43. h5 Rf3+ 44. Kg2 Rc3 45. h6 Rc8 46. Kf1 d3 47. h7 Ke3 48. Ke1 Rc1+
49. Rd1 d2+ 50. Kf1 Rxd1+ 51. Kg2 Rg1+ 52. Kxg1 d1=Q+ 53. Kg2 Qf3+ 54. Kh3 Kf2 55.
Kh4 Qg4#  0-1

[Event "1. OEsterreichische Internet Schach Meisterschaft - Vorrunde 2"]
[Site "Online - Playchess.com"]
[Date ""]
[Round "4"]
[Board "60"]
[White "Hofer, Maximilian"]
[Black "Buchegger, Fridolin"]
[Result "1-0"]
[WhiteElo "2108"]
[BlackElo "1827"]
[PlyCount "31"]
[EventDate "2020.04.13"]
[EventRounds "9"]
[EventCountry "AUT"]

1. e4 e5 2. Nf3 Nc6 3. Bc4 Bc5 4. b4 Bxb4 5. c3 Be7 6. d4 d6 7. Qb3 Be6 8. Bxe6 fxe6
9. Qxe6 Qd7 10. Qb3 Nf6 11. Nbd2 Qg4 12. Qxb7 Kd7 13. dxe5 dxe5 14. O-O Nh5 15. Qxc6+
Kxc6 16. Nxe5+  1-0

[Event "1. OEsterreichische Internet Schach Meisterschaft - Vorrunde 2"]
[Site "Online - Playchess.com"]
[Date ""]
[Round "4"]
[Board "61"]
[White "Balint, Peter"]
[Black "Wurzer, Gerhard"]
[Result "0-1"]
[WhiteElo "2105"]
[BlackElo "1889"]
[PlyCount "70"]
[EventDate "2020.04.13"]
[EventRounds "9"]
[EventCountry "AUT"]

1. e4 c6 2. d4 Qc7 3. e5 d6 4. f4 e6 5. Nf3 Nd7 6. c4 c5 7. Be3 cxd4 8. Bxd4 dxe5
9. Nxe5 Bc5 10. Nxd7 Bxd7 11. Bxg7 Qxf4 12. Qd2 Be3 13. Qe2 Bd4 14. Bxd4 Qxd4 15.
Nc3 O-O-O 16. Rd1 Qc5 17. g3 Ne7 18. Bg2 Bc6 19. Bxc6 Nxc6 20. Rxd8+ Rxd8 21. a3
Qd4 22. Nb5 Qb6 23. b4 Nd4 24. Nxd4 Qxd4 25. Rf1 Qc3+ 26. Kf2 Rd2 27. Re1 Rxe2+ 28.
Rxe2 Qxc4 29. Rd2 Qc3 30. Ke2 Qxa3 31. Rc2+ Kd7 32. Rd2+ Ke7 33. b5 Qa5 34. Rb2 a6
35. bxa6 Qe5+  0-1

[Event "1. OEsterreichische Internet Schach Meisterschaft - Vorrunde 2"]
[Site "Online - Playchess.com"]
[Date ""]
[Round "4"]
[Board "63"]
[White "Pilshofer, Paul"]
[Black "Kreutzmann, Duke"]
[Result "1/2-1/2"]
[WhiteElo "1715"]
[BlackElo "2036"]
[PlyCount "152"]
[EventDate "2020.04.13"]
[EventRounds "9"]
[EventCountry "AUT"]

1. d4 e6 2. Nf3 Nf6 3. g3 b5 4. Bg2 Bb7 5. O-O Be7 6. b3 d5 7. Bb2 O-O 8. Nbd2 Nbd7
9. Ne5 c5 10. e3 Rc8 11. c4 bxc4 12. bxc4 Qb6 13. Qb3 Ba6 14. Qxb6 axb6 15. Rfc1
dxc4 16. Ndxc4 b5 17. Nxd7 Nxd7 18. Na5 c4 19. Nc6 Bd6 20. a3 Nb6 21. Nb4 Bxb4 22.
axb4 Na4 23. Bc3 Rc7 24. d5 exd5 25. Bxd5 Bb7 26. Be5 Rd7 27. Bxc4 bxc4 28. Rxa4
Rfd8 29. Raa1 f6 30. Bd4 Bd5 31. Ra5 Rb8 32. b5 Rbb7 33. b6 Kf7 34. Rca1 Ke6 35.
Ra7 g6 36. f4 Kf5 37. Kf2 Ke4 38. R1a3 Kf5 39. h3 h5 40. R3a5 Ke6 41. Ke2 Bg2 42.
Rxb7 Rxb7 43. Ra7 Rd7 44. Kd2 Rb7 45. Kc3 Rd7 46. Rxd7 Kxd7 47. Kxc4 Bxh3 48. Kd5
Bg2+ 49. Kc5 f5 50. Kb5 Kc8 51. Ka6 Kb8 52. b7 Bxb7+ 53. Kb6 Bf3 54. Be5+ Kc8 55.
Kc5 Kd7 56. Bb8 Ke6 57. Be5 Be4 58. Bb8 Bf3 59. Be5 g5 60. Kb6 g4 61. Kc7 h4 62.
gxh4 g3 63. e4 fxe4 64. Bd4 Kf5 65. Be3 Kg4 66. Kd6 Kxh4 67. Ke5 Kh3 68. f5 Kh2 69.
f6 Bh5 70. Kxe4 g2 71. Kf5 g1=Q 72. Bxg1+ Kxg1 73. Kg5 Bf7 74. Kh6 Ba2 75. Kg7 Kf2
76. f7 Bxf7  1/2-1/2

[Event "1. OEsterreichische Internet Schach Meisterschaft - Vorrunde 2"]
[Site "Online - Playchess.com"]
[Date ""]
[Round "4"]
[Board "65"]
[White "Kainz, Josef"]
[Black "Auinger, Marcel"]
[Result "0-1"]
[WhiteElo "2005"]
[BlackElo "1808"]
[PlyCount "114"]
[EventDate "2020.04.13"]
[EventRounds "9"]
[EventCountry "AUT"]

1. d4 Nf6 2. c4 e6 3. g3 c5 4. d5 exd5 5. cxd5 d6 6. Bg2 g6 7. Nc3 Bg7 8. Nf3 Bf5
9. e4 Nxe4 10. Nxe4 Bxe4 11. Qa4+ Nd7 12. Qxe4+ Qe7 13. Qxe7+ Kxe7 14. O-O Nb6 15.
Ng5 h6 16. Nh3 Rhe8 17. Rb1 Nc4 18. b3 Ne5 19. Bb2 Kd7 20. Rfe1 f6 21. Nf4 g5 22.
Ne6 Re7 23. Rbd1 h5 24. f4 gxf4 25. gxf4 Ng4 26. h3 Nh6 27. Nxg7 Rxg7 28. Bxf6 Rg6
29. Bg5 Nf5 30. Be4 Rf8 31. Bxf5+ Rxf5 32. Kh2 Rf7 33. h4 a6 34. Re4 Rg8 35. Rde1
Rgg7 36. Re6 Rh7 37. Kg3 b5 38. Rg6 Kc7 39. Ree6 Rd7 40. f5 Rhf7 41. f6 Rh7 42. Kf4
Rdf7 43. Ke4 a5 44. Rxd6 Kxd6 45. Bf4+ Kd7 46. Ke5 Rh8 47. d6 Re8+ 48. Kd5 c4 49.
bxc4 bxc4 50. Kxc4 Re4+ 51. Kb5 Rxf4 52. Kxa5 R4xf6 53. Rg1 Rxd6 54. a4 Rf4 55. Rg7+
Kc6 56. Ra7 Rd5+ 57. Ka6 Rxa4#  0-1

[Event "1. OEsterreichische Internet Schach Meisterschaft - Vorrunde 2"]
[Site "Online - Playchess.com"]
[Date ""]
[Round "4"]
[Board "66"]
[White "Huber, Guenther"]
[Black "Katter, Marlene"]
[Result "1/2-1/2"]
[WhiteElo "1979"]
[BlackElo "1609"]
[PlyCount "105"]
[EventDate "2020.04.13"]
[EventRounds "9"]
[EventCountry "AUT"]

1. c4 e6 2. g3 f5 3. Bg2 Nf6 4. Nc3 d5 5. cxd5 exd5 6. d4 c6 7. Bg5 Nbd7 8. e3 Bd6
9. Nf3 O-O 10. O-O h6 11. Bxf6 Nxf6 12. Ne5 Ne4 13. f4 Be6 14. Rc1 Rc8 15. Qe2 Qf6
16. Nxe4 fxe4 17. Qh5 Bxe5 18. fxe5 Qg5 19. Qxg5 hxg5 20. Rxf8+ Rxf8 21. Rf1 Bg4
22. Rxf8+ Kxf8 23. Kf2 Ke7 24. Ke1 g6 25. Bf1 Bf3 26. Bh3 g4 27. Bf1 Ke6 28. Kd2
Kd7 29. Kc3 Bd1 30. Kb4 Bf3 31. h3 g5 32. hxg4 Bxg4 33. Kc5 Be6 34. a3 Kc7 35. a4
Kd7 36. Kb4 Kc7 37. Kc3 Kd7 38. b4 Kc7 39. b5 Kb6 40. Kb4 Kc7 41. a5 cxb5 42. Bxb5
b6 43. axb6+ axb6 44. Be8 Bc8 45. Kb5 Be6 46. Ka6 Bc8+ 47. Kb5 Be6 48. Bg6 Bd7+ 49.
Kb4 Be6 50. Bh7 Kc6 51. Bg6 Kc7 52. Be8 Bc8 53. Kb5  1/2-1/2

[Event "1. OEsterreichische Internet Schach Meisterschaft - Vorrunde 2"]
[Site "Online - Playchess.com"]
[Date ""]
[Round "4"]
[Board "67"]
[White "Erlacher, Herbert"]
[Black "Wimmer, Norbert"]
[Result "1/2-1/2"]
[WhiteElo "1842"]
[BlackElo "1973"]
[PlyCount "96"]
[EventDate "2020.04.13"]
[EventRounds "9"]
[EventCountry "AUT"]

1. Nf3 d5 2. c4 c6 3. g3 Nf6 4. Bg2 g6 5. O-O Bg7 6. d3 O-O 7. Nbd2 b6 8. Rb1 Bb7
9. a3 Nbd7 10. b4 e6 11. Bb2 Rc8 12. Ne5 Nxe5 13. Bxe5 Nd7 14. Bxg7 Kxg7 15. d4 Nf6
16. c5 b5 17. Qc2 Qc7 18. e4 a5 19. e5 Nd7 20. Qd3 axb4 21. axb4 Ra8 22. Ra1 Rxa1
23. Rxa1 Ra8 24. Rxa8 Bxa8 25. Qa3 Bb7 26. Nb3 Bc8 27. Na5 f5 28. exf6+ Nxf6 29.
Qe3 Bd7 30. Bh3 Qc8 31. Qe5 Kf7 32. g4 Ne4 33. Bg2 Nf6 34. g5 Ng8 35. Bh3 h5 36.
gxh6 Nxh6 37. Qf4+ Nf5 38. Bxf5 exf5 39. Qe5 Qe8 40. f4 Qxe5 41. fxe5 f4 42. Kf2
Ke6 43. Kf3 Kf5 44. Nb7 g5 45. Nd6+ Kg6 46. Nb7 Kf5 47. Nd6+ Kg6 48. Nb7 Kf5  1/2-1/2